Palmarés Athletic Club - Fácil - Estadísticas

Estadísticas generales
  • Esta prueba ha sido intentada 23 veces
  • La puntuación promedio es 39 de 88
Estadísticas de respuestas
Año Trofeo % Correcto
1942-43 Campeonato de España-Copa de Su Excelencia el Generalísimo
100%
1943-44 Campeonato de España-Copa de Su Excelencia el Generalísimo
100%
1944-45 Campeonato de España-Copa de Su Excelencia el Generalísimo
100%
1949-50 Campeonato de España-Copa de Su Excelencia el Generalísimo
100%
1954-55 Campeonato de España-Copa de Su Excelencia el Generalísimo
100%
1955-56 Campeonato de España-Copa de Su Excelencia el Generalísimo
100%
1957-58 Campeonato de España-Copa de Su Excelencia el Generalísimo
100%
1968-69 Campeonato de España-Copa de Su Excelencia el Generalísimo
100%
1972-73 Campeonato de España-Copa de Su Excelencia el Generalísimo
100%
1930-31 Campeonato de España-Copa de Su Excelencia el Presidente de la República
100%
1931-32 Campeonato de España-Copa de Su Excelencia el Presidente de la República
100%
1932-33 Campeonato de España-Copa de Su Excelencia el Presidente de la República
100%
1902-03 Campeonato de España-Copa de Su Majestad el Rey
100%
1903-04 Campeonato de España-Copa de Su Majestad el Rey
100%
1909-10 Campeonato de España-Copa de Su Majestad el Rey
100%
1910-11 Campeonato de España-Copa de Su Majestad el Rey
100%
1913-14 Campeonato de España-Copa de Su Majestad el Rey
100%
1914-15 Campeonato de España-Copa de Su Majestad el Rey
100%
1915-16 Campeonato de España-Copa de Su Majestad el Rey
100%
1920-21 Campeonato de España-Copa de Su Majestad el Rey
100%
1922-23 Campeonato de España-Copa de Su Majestad el Rey
100%
1929-30 Campeonato de España-Copa de Su Majestad el Rey
100%
1983-84 Campeonato de España-Copa de Su Majestad el Rey
100%
2023-24 Campeonato de España-Copa de Su Majestad el Rey
100%
1929-30 Liga
95%
1930-31 Liga
95%
1933-34 Liga
95%
1935-36 Liga
95%
1942-43 Liga
95%
1955-56 Liga
95%
1982-83 Liga
95%
1983-84 Liga
95%
1983-84 Supercopa
90%
2014-15 Supercopa
90%
2020-21 Supercopa
90%
1949-50 Copa Eva Duarte
25%
2018 Euskal Herria Txapela
25%
2022 Euskal Herria Txapela
25%
2024 Euskal Herria Txapela
25%
1976-77 Subcampeonato UEFA / UEL
20%
2011-12 Subcampeonato UEFA / UEL
20%
1913-14 Campeonato Regional
10%
1914-15 Campeonato Regional
10%
1915-16 Campeonato Regional
10%
1917-18 Campeonato Regional
10%
1919-20 Campeonato Regional
10%
1920-21 Campeonato Regional
10%
1922-23 Campeonato Regional
10%
1923-24 Campeonato Regional
10%
1925-26 Campeonato Regional
10%
1927-28 Campeonato Regional
10%
1928-29 Campeonato Regional
10%
1930-31 Campeonato Regional
10%
1931-32 Campeonato Regional
10%
1932-33 Campeonato Regional
10%
1933-34 Campeonato Regional
10%
1934-35 Campeonato Regional
10%
1938-39 Campeonato Regional
10%
1939-40 Campeonato Regional
10%
1931-32 Subcampeonato de Liga
10%
1932-33 Subcampeonato de Liga
10%
1940-41 Subcampeonato de Liga
10%
1946-47 Subcampeonato de Liga
10%
1951-52 Subcampeonato de Liga
10%
1969-70 Subcampeonato de Liga
10%
1997-98 Subcampeonato de Liga
10%
1982-83 Subcampeonato de Supercopa
10%
2008-09 Subcampeonato de Supercopa
10%
2021-22 Subcampeonato de Supercopa
10%
1901-02 Copa Coronación
5%
1904-05 Subcampeonato de Copa
5%
1905-06 Subcampeonato de Copa
5%
1906-07 Subcampeonato de Copa
5%
1912-13 Subcampeonato de Copa
5%
1919-20 Subcampeonato de Copa
5%
1941-42 Subcampeonato de Copa
5%
1948-49 Subcampeonato de Copa
5%
1952-53 Subcampeonato de Copa
5%
1965-66 Subcampeonato de Copa
5%
1966-67 Subcampeonato de Copa
5%
1976-77 Subcampeonato de Copa
5%
1984-85 Subcampeonato de Copa
5%
2008-09 Subcampeonato de Copa
5%
2011-12 Subcampeonato de Copa
5%
2014-15 Subcampeonato de Copa
5%
2019-20 Subcampeonato de Copa
5%
2020-21 Subcampeonato de Copa
5%
1955-56 Subcampeonato de Copa Latina
5%
No se encontraron pruebas coincidentes
Distribución de puntuación
Porcentaje de gente con cada puntuación
Porcentaje por número respondido
Historial de tus puntuaciones
No has intentado esta prueba.